عرض عادي
عرض مارك
- التسويق الاجتماعي
دخول Topical Term
001 - CONTROL NUMBER
- control field: 27139
003 - CONTROL NUMBER IDENTIFIER
- control field: AE-AdECS
005 - DATE AND TIME OF LATEST TRANSACTION
- control field: 20260311123725.0
008 - FIXED-LENGTH DATA ELEMENTS
- fixed length control field: 260311|| aca||aabn | a|a d
040 ## - CATALOGING SOURCE
- Original cataloging agency: AE-AdECS
- Transcribing agency: AE-AdECS
150 ## - HEADING--TOPICAL TERM
- Topical term or geographic name entry element: التسويق الاجتماعي
670 ## - SOURCE DATA FOUND
- Source citation: Work cat.: (AE-AdECS)294382: قاسم، سعد عيد مؤلف. 27138, التسويق الاجتماعي والرعاية الاجتماعية في ظل التحديات المستقبلية /
